| Tag |
First Indicator |
Second Indicator |
Subfields |
| LEADER |
00000cam a2200000 i 4500 |
| 001 |
in00004814421 |
| 008 |
930825m19629999dcu 000 0 eng d |
| 005 |
20240808151154.2 |
| 035 |
|
|
|a (OCoLC)ocm28694723
|
| 040 |
|
|
|a BGU
|b eng
|e rda
|c BGU
|d TAG
|d OCLCF
|d OCLCQ
|d OCLCO
|d OCLCQ
|
| 035 |
|
|
|a (OCoLC)28694723
|
| 050 |
|
4 |
|a VM325
|b .P72
|
| 049 |
|
|
|a MAIN
|
| 245 |
0 |
0 |
|a Present and future communications requirements for voluntarily-equipped non-commercial vessels.
|
| 264 |
|
1 |
|a Washington, D.C. :
|b Radio Technical Commission for Marine Services,
|c 1962-
|
| 300 |
|
|
|a volumes ;
|c 28 cm
|
| 336 |
|
|
|a text
|b txt
|2 rdacontent
|
| 337 |
|
|
|a unmediated
|b n
|2 rdamedia
|
| 338 |
|
|
|a volume
|b nc
|2 rdacarrier
|
| 590 |
|
|
|b TAG Physical Holdings 2
|
| 650 |
|
0 |
|a Boats and boating
|x Electronic equipment.
|0 http://id.loc.gov/authorities/subjects/sh85015163
|
| 650 |
|
0 |
|a Communication and traffic.
|0 http://id.loc.gov/authorities/subjects/sh85029044
|
| 650 |
|
6 |
|a Bateaux
|x Équipement électronique.
|
| 650 |
|
6 |
|a Transports et communications.
|
| 650 |
|
7 |
|a Boats and boating
|x Electronic equipment.
|2 fast
|0 (OCoLC)fst00835187
|
| 650 |
|
7 |
|a Communication and traffic.
|2 fast
|0 (OCoLC)fst00870047
|
| 710 |
2 |
|
|a Radio Technical Commission for Marine Services (U.S.).
|b Special Committee No. 43.
|
| 994 |
|
|
|a 92
|b TAG
|
| 852 |
|
|
|a TAG
|b TAGC
|c galv,stk
|h VM325 .P72
|t c.1
|x mam
|
| 876 |
|
|
|c 15.00
|p 33620000749727
|x ACC# 95-0814
|v unmediated -- volume
|
| 999 |
f |
f |
|s bf66e303-563d-4aff-befe-6ad4a683958b
|i 7ed8a47a-444b-4904-a884-70088fbd1c98
|t 0
|
| 952 |
f |
f |
|p normal
|a Texas A&M University
|b Galveston Campus
|c Jack K. Williams Library
|d Galveston Stacks
|t 0
|e VM325 .P72
|h Library of Congress classification
|i unmediated -- volume
|m 33620000749727
|
| 998 |
f |
f |
|a VM325 .P72
|t 0
|l Galveston Stacks
|